| 000 | 00921nam a2200265 a 4500 | ||
|---|---|---|---|
| 001 | BRCA_324 | ||
| 005 | 20190320202947.0 | ||
| 008 | 880919s1986 at fa b 001 0ceng | ||
| 020 | _a0195546598 | ||
| 040 |
_aDLC _cDLC _dDLC |
||
| 050 | 4 |
_aNK4179 _b.T56 1986 |
|
| 100 | 1 |
_aTimms, Peter _d1948- _91077 |
|
| 245 | 1 | 0 |
_aAustralian Studio Pottery & China Painting _cPeter Timms |
| 260 |
_aNueva York _bOxford University Press _c1986 |
||
| 300 |
_a192 p., [12] p. de láminas _bil. (algunas a color) _c26 cm. |
||
| 500 | _aIncluye índice y glosario | ||
| 500 | _aDonación Consejo Británico | ||
| 504 | _aBibliografía: p. 185-186 | ||
| 650 | 1 | 4 |
_aCerámica australiana _xTemas, motivos _ySiglo XX _91078 |
| 650 | 1 | 4 |
_aArtes y movimiento de las artes _zAustralia _91079 |
| 650 | 1 | 4 |
_aPintura China _xHistoria _ySiglo XX _zAustralia _91080 |
| 650 | 1 | 4 |
_aCeramistas _xBiografía _zAustralia _91081 |
| 902 | _aDCB | ||
| 942 |
_2lcc _cB |
||
| 999 |
_c261 _d261 |
||